000 00306nam a22001337a 4500
008 170714b xxu||||| |||| 00| 0 eng d
020 _a9781890871772
041 _aeng
080 _a101
100 _a24
101 _aFJA
245 _aDIVERSITY IN SPORT ORGANIZATIONS
_cCUNNINGHAM,G.B
942 _2udc
_cBK
999 _c20766
_d20766